| Record ID | marc_records_scriblio_net/part21.dat:61790348:889 |
| Source | Scriblio |
| Download Link | /show-records/marc_records_scriblio_net/part21.dat:61790348:889?format=raw |
LEADER: 00889pam 2200229 a 4500
001 90006291
003 DLC
005 19910531130913.7
008 900517s1991 enk b 00100 eng
010 $a 90006291
020 $a0719027063
040 $aDLC$cDLC$dDLC
043 $ae-uk---
050 00 $aJN1129.I52$bI47 1990
082 00 $a324.24107/09$220
245 04 $aThe ILP on Clydeside, 1893-1932 :$bfrom foundation to disintegration /$cedited by Alan McKinlay and R.J. Morris.
260 0 $aManchester ;$aNew York :$bManchester University Press ;$aNew York, NY, USA :$bDistributed exclusively in the USA and Canada by St. Martin's Press,$cc1991.
300 $a249 p. ;$c23 cm.
504 $aIncludes bibliographical references (p. 233-244) and index.
610 20 $aIndependent Labour Party (Great Britain)$xHistory.
700 10 $aMcKinlay, Alan,$d1957-
700 10 $aMorris, R. J.$q(Robert John)